000 00613nam a22002417a 4500
003 UA-OsUOA
001 22910
007 ta
008 20031229b un ||||| |||| 00| 0 ukr d
100 _aРоберт Генри М.
090 _a34
_bР58
942 _cBK
040 _aUA-OsUOA
_brus
_cUA-OsUOA
_dUA-OsUOA
245 _aПравила парламентской процедуры
300 _a273 с.
955 _a0
041 _arus
080 _a34
260 _aВашингтон
_bПроблемы Восточной Европы
_c1992
044 _aUS
650 7 _2UDC
999 _c309142
_d309142